000 00435nam a2200181Ia 4500
001 13847
005 20260306164831.0
008 260306t2008||||xx |||||||||||||| ||spa||
041 _aESP
082 _a005.369A
_bC75
100 _aCogollor, José Luis
_eAUT
245 0 _aLas 3 dimensiones de Autocad 2008
260 _c2008
300 _a227 páginas :
_ccuadrs.
650 _aGEN
654 _aCCC
942 _cLIB
_dJUS
_fJUS
_2ddc
_n
999 _c13847
_d13847